| 000 | 00946nam a2200289 i 4500 | ||
|---|---|---|---|
| 001 | 186636 | ||
| 003 | ES-MaACL | ||
| 005 | 20250804052225.0 | ||
| 008 | 161212s1978 sp |||| | spa d | ||
| 020 | _a84-85576-04-7 | ||
| 080 | _a216 | ||
| 080 | _a235.2/236 | ||
| 080 | _a291.216/.23 | ||
| 080 | _a393 | ||
| 100 | 1 |
_aGener, Pompeyo. _956297 |
|
| 245 | 1 | 3 |
_aLa muerte y el diablo _b: historia y filosofía de las dos negaciones supremas / _cPompeyo Gener (Peius) ; prólogo de Émile Littré. |
| 260 |
_aBarcelona : _bEditorial J.S., _c[1978] |
||
| 300 |
_a2 v. (252, 283 p.) ; _c21 cm. |
||
| 504 | _aReferencias bibliográficas. | ||
| 650 | 7 |
_aMuerte _2embne _915241 |
|
| 650 | 0 | 4 |
_aEscatología. _912349 |
| 650 | 4 |
_aDemonio. _911587 |
|
| 650 | 0 | 4 |
_aMal. _914740 |
| 700 | 1 |
_aLittré, Émile, _d1801-1881 _9128979 |
|
| 852 |
_aES-MaACL _jL-30930-31 _z. - Biblioteca Jacinto Martínez Lacalle |
||
| 999 |
_c186636 _d186636 |
||